Informe que sobre los restos de Colón presenta al Excmo. Sr. Gobernador General D. Joaquín Jovellar y Soler (Record no. 158057)

MARC details
000 -LEADER
campo de control de longitud fija 00880nam a22001815i 4500
001 - NÚMERO DE CONTROL
campo de control 158057
003 - IDENTIFICADOR DE NÚMERO DE CONTROL
campo de control ES-MaACL
005 - FECHA Y HORA DE LA ÚLTIMA TRANSACCIÓN
campo de control 20230906210958.0
008 - DATOS DE LONGITUD FIJA--INFORMACIÓN GENERAL
campo de control de longitud fija 990226s1878 cu a |||| | spa d
040 ## - FUENTE DE CATALOGACIÓN
Centro catalogador/agencia de origen CCPB | B
Lengua de catalogación spa
Centro/agencia transcriptor CCPB | B
100 1# - ENTRADA PRINCIPAL--NOMBRE DE PERSONA
Nombre de persona López Prieto, Antonio.
9 (RLIN) 129219
245 10 - MENCIÓN DEL TÍTULO
Título Informe que sobre los restos de Colón presenta al Excmo. Sr. Gobernador General D. Joaquín Jovellar y Soler
Resto del título : después de su viaje a Santo Domingo /
Mención de responsabilidad, etc. Antonio López Prieto.
260 ## - PUBLICACIÓN, DISTRIBUCIÓN, ETC.
Lugar de publicación, distribución, etc. Habana :
Nombre del editor, distribuidor, etc. [s.n.],
Fecha de publicación, distribución, etc. 1878 (
Fabricante Imprenta del Gobierno y Capitanía General por S. M.)
300 ## - DESCRIPCIÓN FÍSICA
Extensión 109 p., XI p., 8 h. de lám., [2] h. de lám. pleg. ;
Dimensiones 23 cm.
597 #1 - NOTA DE DESCRIPCIÓN FÍSICA
NOTA DE DESCRIPCIÓN FÍSICA Port. con esc. xil.: ¨A Castilla y a Leon nuevo mundo dio Colon¨.
600 14 - PUNTO DE ACCESO ADICIONAL DE MATERIA--NOMBRE DE PERSONA
Nombre de persona Colón, Cristóbal.
9 (RLIN) 39869
852 ## - LOCALIZACIÓN
Ubicación ES-MaACL
Número de control de estantería T-249-F-3
Nota libre -- Enc. hol.
condición física -- Falto de la cub. original
Nota libre -- Enc. en un vol. facticio
Holdings
Estatus retirado Estado de pérdida Estado de daño No para préstamo Colección Biblioteca de origen Biblioteca actual Ubicación en estantería Fecha de adquisición Total de préstamos Signatura topográfica completa Código de barras Visto por última vez Precio de reemplazo Tipo de ítem Koha
        Colección de folletos Biblioteca del Ateneo de Madrid Biblioteca del Ateneo de Madrid Depósito folletos 17/01/2008   T-249-F-3 1165421 23/02/2023 23/02/2023 Folleto